000 00538nam a2200181 i 4500
001 60765
003 ES-MaACL
005 20230906164312.0
007 t|
008 031106s1961 sp a |||| | spa d
080 _a811.361(075.4)
100 1 _aEstornés Lasa, José.
_948184
245 1 0 _aMétodo elemental de vasco /
_cJosé Estornés Lasa ; ilustraciones de A. de Borde.
260 _aZarauz :
_bItxaropena,
_c1961.
300 _a87 p. :
_bil. ;
_c25 cm.
650 0 4 _aLengua vasca-
_vMétodos.
_914339
852 _aES-MaACL
_jC-19779
999 _c60765
_d60765